Air Pollution (Images)

Discusses the causes of air pollution all over the world, the "domino effect" that can occur when people make wholesale changes to the environment, and the urgency of stopping the poisoning of our air.

Guardat en:
Dades bibliogràfiques
Format: Llibre
Idioma:Undetermined
Publicat: Child's World 1992
Matèries:
Etiquetes: Afegir etiqueta
Sense etiquetes, Sigues el primer a etiquetar aquest registre!
Thư viện lưu trữ: Trung tâm Học liệu Trường Đại học Cần Thơ
LEADER 00678nam a2200181Ia 4500
001 CTU_141565
008 210402s9999 xx 000 0 und d
082 |a 628.53 
082 |b A298 
245 0 |a Air Pollution (Images) 
245 0 |c Edited by Gary Lopez 
260 |b Child's World 
260 |c 1992 
520 |a Discusses the causes of air pollution all over the world, the "domino effect" that can occur when people make wholesale changes to the environment, and the urgency of stopping the poisoning of our air. 
650 |a Air,Không khí 
650 |x Pollution,Ô nhiễm 
904 |i Trọng Hải 
980 |a Trung tâm Học liệu Trường Đại học Cần Thơ